<?xml version="1.0" encoding="UTF-8"?>
<collection xmlns="http://www.loc.gov/MARC21/slim">
 <record>
  <leader>02511cam a2200469Ii 4500</leader>
  <controlfield tag="001">000717162</controlfield>
  <controlfield tag="005">20240803130220.0</controlfield>
  <controlfield tag="008">180331s2008    enka    ob    001 0 eng d</controlfield>
  <datafield tag="STA" ind1=" " ind2=" ">
   <subfield code="a">NEZPRACOVANÝ IMPORT</subfield>
  </datafield>
  <datafield tag="020" ind1=" " ind2=" ">
   <subfield code="a">9780203928134</subfield>
   <subfield code="q">(e-book : PDF)</subfield>
  </datafield>
  <datafield tag="020" ind1=" " ind2=" ">
   <subfield code="a">9781135977801</subfield>
   <subfield code="q">(e-book: Mobi)</subfield>
  </datafield>
  <datafield tag="020" ind1=" " ind2=" ">
   <subfield code="a">9781135977849</subfield>
   <subfield code="q">(e-book: ePub)</subfield>
  </datafield>
  <datafield tag="020" ind1=" " ind2=" ">
   <subfield code="z">9780415773492</subfield>
   <subfield code="q">(hardback)</subfield>
  </datafield>
  <datafield tag="020" ind1=" " ind2=" ">
   <subfield code="z">9781138011502</subfield>
   <subfield code="q">(paperback)</subfield>
  </datafield>
  <datafield tag="024" ind1="7" ind2=" ">
   <subfield code="a">10.4324/9780203928134</subfield>
   <subfield code="2">doi</subfield>
  </datafield>
  <datafield tag="035" ind1=" " ind2=" ">
   <subfield code="a">(OCoLC)1000434077</subfield>
  </datafield>
  <datafield tag="043" ind1=" " ind2=" ">
   <subfield code="a">n us</subfield>
  </datafield>
  <datafield tag="050" ind1=" " ind2="4">
   <subfield code="a">HC51</subfield>
   <subfield code="b">.Q36 2008</subfield>
  </datafield>
  <datafield tag="082" ind1="0" ind2="4">
   <subfield code="a">330.9</subfield>
   <subfield code="b">Q17</subfield>
  </datafield>
  <datafield tag="245" ind1="0" ind2="0">
   <subfield code="a">Quantitative economic history :</subfield>
   <subfield code="b">the good of counting /</subfield>
   <subfield code="c">edited by Joshua L. Rosenbloom.</subfield>
  </datafield>
  <datafield tag="246" ind1="3" ind2="0">
   <subfield code="a">Good of counting</subfield>
  </datafield>
  <datafield tag="264" ind1=" " ind2="1">
   <subfield code="a">London :</subfield>
   <subfield code="b">Routledge,</subfield>
   <subfield code="c">2008.</subfield>
  </datafield>
  <datafield tag="300" ind1=" " ind2=" ">
   <subfield code="a">1 online resource (xvii, 176 pages)</subfield>
  </datafield>
  <datafield tag="336" ind1=" " ind2=" ">
   <subfield code="a">text</subfield>
   <subfield code="2">rdacontent</subfield>
  </datafield>
  <datafield tag="337" ind1=" " ind2=" ">
   <subfield code="a">computer</subfield>
   <subfield code="2">rdamedia</subfield>
  </datafield>
  <datafield tag="338" ind1=" " ind2=" ">
   <subfield code="a">online resource</subfield>
   <subfield code="2">rdacarrier</subfield>
  </datafield>
  <datafield tag="490" ind1="1" ind2=" ">
   <subfield code="a">Routledge explorations in economic history ;</subfield>
   <subfield code="v">40</subfield>
  </datafield>
  <datafield tag="505" ind1="0" ind2="0">
   <subfield code="t">chapter 1 Editor's introduction: The good of counting /</subfield>
   <subfield code="r">JOSHUA L. ROSENBLOOM --</subfield>
   <subfield code="t">chapter 2 An economic history of bastardy in England and Wales /</subfield>
   <subfield code="r">JOHN ERMISCH --</subfield>
   <subfield code="t">chapter 3 Epidemics, demonstration effects, and investment in sanitation capital by U.S. cities in the early twentieth century /</subfield>
   <subfield code="r">LOUIS CAIN --</subfield>
   <subfield code="t">chapter 4 Profitability, firm size, and business organization in nineteenth-century U.S. manufacturing /</subfield>
   <subfield code="r">JEREMY ATACK --</subfield>
   <subfield code="t">chapter 5 Railroads and local economic development: the United States in the 1850s MICHAEL R. HAINES AND ROBERT A. MARGO --</subfield>
   <subfield code="t">chapter 6 Did refrigeration kill the hog�corn cycle? LEE A. CRAIG AND MATTHEW T. HOLT --</subfield>
   <subfield code="t">chapter 7 Measuring the intensity of state labor regulation during the Progressive Era /</subfield>
   <subfield code="r">REBECCA HOLMES --</subfield>
   <subfield code="t">chapter 8 Reexamining the distribution of wealth in 1870 /</subfield>
   <subfield code="r">JOSHUA L. ROSENBLOOM AND GREGORY W. STUTES.</subfield>
  </datafield>
  <datafield tag="650" ind1=" " ind2="0">
   <subfield code="a">Economic history</subfield>
   <subfield code="x">Statistical methods.</subfield>
  </datafield>
  <datafield tag="650" ind1=" " ind2="0">
   <subfield code="a">Economic history</subfield>
   <subfield code="x">Methodology.</subfield>
  </datafield>
  <datafield tag="650" ind1=" " ind2="0">
   <subfield code="a">Social change</subfield>
   <subfield code="z">United States</subfield>
   <subfield code="x">History</subfield>
   <subfield code="x">Statistical methods.</subfield>
  </datafield>
  <datafield tag="651" ind1=" " ind2="0">
   <subfield code="a">United States</subfield>
   <subfield code="x">Economic conditions</subfield>
   <subfield code="x">Statistical methods.</subfield>
  </datafield>
  <datafield tag="700" ind1="1" ind2=" ">
   <subfield code="a">Rosenbloom, Joshua L.</subfield>
  </datafield>
  <datafield tag="776" ind1="0" ind2="8">
   <subfield code="i">Print version:</subfield>
   <subfield code="z">9780415773492</subfield>
   <subfield code="w">(DLC) 2007043218</subfield>
  </datafield>
  <datafield tag="830" ind1=" " ind2="0">
   <subfield code="a">Routledge explorations in economic history ;</subfield>
   <subfield code="v">40.</subfield>
  </datafield>
  <datafield tag="856" ind1="4" ind2="0">
   <subfield code="u">https://zdroje.vse.cz/login?url=https://www.taylorfrancis.com/books/9781135977856</subfield>
   <subfield code="y">Plný text</subfield>
  </datafield>
  <datafield tag="BAS" ind1=" " ind2=" ">
   <subfield code="a">TF</subfield>
  </datafield>
  <datafield tag="BAS" ind1=" " ind2=" ">
   <subfield code="a">EB</subfield>
  </datafield>
  <datafield tag="BAS" ind1=" " ind2=" ">
   <subfield code="a">PhDinfra</subfield>
  </datafield>
  <datafield tag="993" ind1=" " ind2=" ">
   <subfield code="x">NEPOSILAT</subfield>
   <subfield code="y">EB</subfield>
  </datafield>
 </record>
</collection>
